<?xml version="1.0" encoding="UTF-8"?>
<record
    xmlns:xsi="http://www.w3.org/2001/XMLSchema-instance"
    xsi:schemaLocation="http://www.loc.gov/MARC21/slim http://www.loc.gov/standards/marcxml/schema/MARC21slim.xsd"
    xmlns="http://www.loc.gov/MARC21/slim">

  <leader>04083nam a22005657a 4500</leader>
  <controlfield tag="001">BRCA_9188</controlfield>
  <controlfield tag="003">FranzMayer</controlfield>
  <controlfield tag="005">20220809132529.0</controlfield>
  <controlfield tag="008">220705b        |||||||| |||| 00| 0 spa d</controlfield>
  <datafield tag="020" ind1=" " ind2=" ">
    <subfield code="a">9786073028660</subfield>
  </datafield>
  <datafield tag="040" ind1=" " ind2=" ">
    <subfield code="b">spa</subfield>
    <subfield code="c">MFM</subfield>
  </datafield>
  <datafield tag="041" ind1="0" ind2=" ">
    <subfield code="a">spa</subfield>
    <subfield code="a">eng</subfield>
  </datafield>
  <datafield tag="050" ind1="0" ind2="0">
    <subfield code="a">ND1635</subfield>
    <subfield code="b">H57 2020</subfield>
  </datafield>
  <datafield tag="245" ind1="0" ind2="0">
    <subfield code="a">Historias de pincel :</subfield>
    <subfield code="b">pintura y retablos del siglo XVI en la Nueva Espa&#xF1;a /</subfield>
    <subfield code="c">coordinadores Pedro &#xC1;ngeles Jim&#xE9;nez, Elsa Arroyo Lemus y Elisa Vargaslugo ; </subfield>
  </datafield>
  <datafield tag="264" ind1=" " ind2="1">
    <subfield code="a">Ciudad de M&#xE9;xico :</subfield>
    <subfield code="b">Instituto de Investigaciones Est&#xE9;ticas, Universidad Nacional Aut&#xF3;noma de M&#xE9;xico</subfield>
    <subfield code="c">2020.</subfield>
  </datafield>
  <datafield tag="300" ind1=" " ind2=" ">
    <subfield code="a">551 p. :</subfield>
    <subfield code="b">il., facs&#xED;miles, map. ;</subfield>
    <subfield code="c">22.5 x 30 cm.</subfield>
  </datafield>
  <datafield tag="336" ind1=" " ind2=" ">
    <subfield code="a">still image</subfield>
    <subfield code="b">sti</subfield>
    <subfield code="2">rdacontent</subfield>
  </datafield>
  <datafield tag="336" ind1=" " ind2=" ">
    <subfield code="a">text</subfield>
    <subfield code="b">txt</subfield>
    <subfield code="2">rdacontent</subfield>
  </datafield>
  <datafield tag="337" ind1=" " ind2=" ">
    <subfield code="a">unmediated</subfield>
    <subfield code="b">n</subfield>
    <subfield code="2">rdamedia</subfield>
  </datafield>
  <datafield tag="338" ind1=" " ind2=" ">
    <subfield code="a">volume</subfield>
    <subfield code="b">nc</subfield>
    <subfield code="2">rdacarrier</subfield>
  </datafield>
  <datafield tag="490" ind1="0" ind2=" ">
    <subfield code="a">Materialidades ;</subfield>
    <subfield code="v">1</subfield>
  </datafield>
  <datafield tag="500" ind1=" " ind2=" ">
    <subfield code="a">Ubicaci&#xF3;n: L59-N5</subfield>
  </datafield>
  <datafield tag="504" ind1=" " ind2=" ">
    <subfield code="a">Bibliograf&#xED;a general: p. 531-549</subfield>
  </datafield>
  <datafield tag="505" ind1="8" ind2=" ">
    <subfield code="t">Presentaci&#xF3;n / </subfield>
    <subfield code="r">Elisa Vargaslugo</subfield>
  </datafield>
  <datafield tag="505" ind1="8" ind2=" ">
    <subfield code="t">Introducci&#xF3;n / </subfield>
    <subfield code="r">Elsa Arroyo y Pedro &#xC1;ngeles Jim&#xE9;nez</subfield>
  </datafield>
  <datafield tag="505" ind1="8" ind2=" ">
    <subfield code="t">Entre Toledo, Sevilla y la Nueva Espa&#xF1;a: circulaci&#xF3;n de saberes t&#xE9;cnicos en la pintura de retablos / </subfield>
    <subfield code="r">Roc&#xED;o Bruquetas Gal&#xE1;n</subfield>
  </datafield>
  <datafield tag="505" ind1="8" ind2=" ">
    <subfield code="t">Biograf&#xED;a cultural de las pinturas de Marten de Vos en M&#xE9;xico / </subfield>
    <subfield code="r">Elsa Arroyo Lemus</subfield>
  </datafield>
  <datafield tag="505" ind1="8" ind2=" ">
    <subfield code="t">Los otros usos del pincel. Retablos y policrom&#xED;as / </subfield>
    <subfield code="r">Pedro F. Amador Marrero</subfield>
  </datafield>
  <datafield tag="505" ind1="8" ind2=" ">
    <subfield code="t">Marten de Vos, paintings, prints, red lakes and smalt: transatlantic travels / </subfield>
    <subfield code="r">Erma Hermens</subfield>
  </datafield>
  <datafield tag="505" ind1="8" ind2=" ">
    <subfield code="t">Volver a las fuentes. El retablo mayor de san Miguel, Huejotzingo / </subfield>
    <subfield code="r">Pedro &#xC1;ngeles Jim&#xE9;nez</subfield>
  </datafield>
  <datafield tag="505" ind1="8" ind2=" ">
    <subfield code="t">Pintura y escultura del siglo XVI. Revisi&#xF3;n de los documentos con que se ha escrito su historia / </subfield>
    <subfield code="r">Ed&#xE9;n Z&#xE1;rate</subfield>
  </datafield>
  <datafield tag="505" ind1="8" ind2=" ">
    <subfield code="t">El dibujo tras el arte de Huejotzingo / </subfield>
    <subfield code="r">Clara Bargellini</subfield>
  </datafield>
  <datafield tag="505" ind1="8" ind2=" ">
    <subfield code="t">Andr&#xE9;s de Concha. Entre dudas y certezas / </subfield>
    <subfield code="r">Rogelio Ru&#xED;z Gomar</subfield>
  </datafield>
  <datafield tag="505" ind1="8" ind2=" ">
    <subfield code="t">Propuesta metodol&#xF3;gica para el registro fotogr&#xE1;fico de pintura novohispana en alta resoluci&#xF3;n / </subfield>
    <subfield code="r">Ricardo Alvarado Tapia</subfield>
  </datafield>
  <datafield tag="505" ind1="8" ind2=" ">
    <subfield code="t">Cuando la pintura se vuelve transparente. Avances metodol&#xF3;gicos en la aplicaci&#xF3;n de la radiograf&#xED;a para el estudio de la pintura sobre tabla del siglo XVI en la Nueva Espa&#xF1;a / </subfield>
    <subfield code="r">Eumelia Hern&#xE1;ndez V&#xE1;zquez</subfield>
  </datafield>
  <datafield tag="505" ind1="8" ind2=" ">
    <subfield code="t">El soporte de las im&#xE1;genes: an&#xE1;lisis anat&#xF3;mico de las maderas empleadas en las pinturas sobre tabla de los retablos de Cuautitl&#xE1;n y Huejotzingo / </subfield>
    <subfield code="r">Alejandra Quintanar Isa&#xED;as, Ana Teresa Jaramillo P&#xE9;rez, Daniel S&#xE1;nchez G&#xF3;mez y Julieta Avil&#xE9;s S&#xE1;nchez</subfield>
  </datafield>
  <datafield tag="505" ind1="8" ind2=" ">
    <subfield code="t">La restauraci&#xF3;n del retablo mayor del templo de San Miguel Arc&#xE1;ngel, Huejotzingo, Puebla / </subfield>
    <subfield code="r">Marina Straulino</subfield>
  </datafield>
  <datafield tag="505" ind1="8" ind2=" ">
    <subfield code="t">Catalogo razonado / </subfield>
    <subfield code="r">Pedro F. Amador Marrero, Pedro &#xC1;ngeles Jim&#xE9;nez, Elsa Arroyo Lemus, Tatiana Falc&#xF3;n, Eumelia Hern&#xE1;ndez V&#xE1;zquez, Elizabeth Vite, Sandra Zetina</subfield>
  </datafield>
  <datafield tag="505" ind1="8" ind2=" ">
    <subfield code="t">Ap&#xE9;ndice documental / </subfield>
    <subfield code="r">Ed&#xE9;n Z&#xE1;rate</subfield>
  </datafield>
  <datafield tag="520" ind1=" " ind2=" ">
    <subfield code="a">A partir de un modelo de investigaci&#xF3;n construido en el di&#xE1;logo entre el pensamiento hist&#xF3;rico-art&#xED;stico y los an&#xE1;lisis cient&#xED;ficos, el presente volumen se centra en el examen t&#xE9;cnico de las "historias de pincel" o im&#xE1;genes para retablos, entendidas como obras de arte, pero tambi&#xE9;n como artefactos culturales. Aqu&#xED; se abordan expl&#xED;citamente sus materiales y las t&#xE9;cnicas con las que est&#xE1;n hechas estas pinturas, pero tambi&#xE9;n se enfoca en los componentes activos en su concepci&#xF3;n, intenci&#xF3;n, producci&#xF3;n, recepci&#xF3;n, circulaci&#xF3;n e interpretaci&#xF3;n.</subfield>
    <subfield code="c">Proporcionado por el editor.</subfield>
  </datafield>
  <datafield tag="546" ind1=" " ind2=" ">
    <subfield code="a">Texto principalmente en espa&#xF1;ol; un art&#xED;culo en ingl&#xE9;s.</subfield>
  </datafield>
  <datafield tag="600" ind1=" " ind2=" ">
    <subfield code="a">Pereyns, Sim&#xF3;n,</subfield>
    <subfield code="d">- 1589</subfield>
    <subfield code="9">28419</subfield>
  </datafield>
  <datafield tag="600" ind1=" " ind2=" ">
    <subfield code="a">Concha, Andr&#xE9;s de la&#x200F; , </subfield>
    <subfield code="d">1612</subfield>
    <subfield code="x">Spanish painter and architect died 1612</subfield>
    <subfield code="9">28420</subfield>
  </datafield>
  <datafield tag="600" ind1=" " ind2=" ">
    <subfield code="a">Vos, Maarten de,&#x200F; </subfield>
    <subfield code="d">1532-1603</subfield>
    <subfield code="9">28421</subfield>
  </datafield>
  <datafield tag="650" ind1=" " ind2="0">
    <subfield code="a">Pintura</subfield>
    <subfield code="x">Materiales</subfield>
    <subfield code="x">T&#xE9;cnicas</subfield>
    <subfield code="y">Siglo XVI</subfield>
    <subfield code="z">M&#xE9;xico</subfield>
    <subfield code="9">28422</subfield>
  </datafield>
  <datafield tag="650" ind1=" " ind2="0">
    <subfield code="a">Retablos</subfield>
    <subfield code="x">Materiales</subfield>
    <subfield code="x">T&#xE9;cnicas</subfield>
    <subfield code="y">Siglo XVI</subfield>
    <subfield code="z">M&#xE9;xico</subfield>
    <subfield code="9">28423</subfield>
  </datafield>
  <datafield tag="650" ind1=" " ind2="0">
    <subfield code="a">Arte y simbolismo cristiano</subfield>
    <subfield code="y">Siglo XVI</subfield>
    <subfield code="z">M&#xE9;xico</subfield>
    <subfield code="9">28424</subfield>
  </datafield>
  <datafield tag="942" ind1=" " ind2=" ">
    <subfield code="2">lcc</subfield>
    <subfield code="c">B</subfield>
  </datafield>
  <datafield tag="999" ind1=" " ind2=" ">
    <subfield code="c">10807</subfield>
    <subfield code="d">10807</subfield>
  </datafield>
  <datafield tag="952" ind1=" " ind2=" ">
    <subfield code="0">0</subfield>
    <subfield code="1">0</subfield>
    <subfield code="2">lcc</subfield>
    <subfield code="4">0</subfield>
    <subfield code="7">0</subfield>
    <subfield code="a">BRCA</subfield>
    <subfield code="b">BRCA</subfield>
    <subfield code="d">2022-07-05</subfield>
    <subfield code="l">0</subfield>
    <subfield code="o">ND1635 H57 2020</subfield>
    <subfield code="p">CONT9961</subfield>
    <subfield code="r">2022-07-05 00:00:00</subfield>
    <subfield code="w">2022-07-05</subfield>
    <subfield code="y">B</subfield>
  </datafield>
</record>
